<?xml version="1.0" encoding="UTF-8"?>
<record
    xmlns:xsi="http://www.w3.org/2001/XMLSchema-instance"
    xsi:schemaLocation="http://www.loc.gov/MARC21/slim http://www.loc.gov/standards/marcxml/schema/MARC21slim.xsd"
    xmlns="http://www.loc.gov/MARC21/slim">

  <leader>00725nam a2200205Ia 4500</leader>
  <controlfield tag="003">OSt</controlfield>
  <controlfield tag="005">20251105092304.0</controlfield>
  <controlfield tag="008">210210b2002   xxu||||| |||| 00| 0 eng d</controlfield>
  <datafield tag="040" ind1=" " ind2=" ">
    <subfield code="c">AL</subfield>
  </datafield>
  <datafield tag="041" ind1=" " ind2=" ">
    <subfield code="a">Kannada</subfield>
  </datafield>
  <datafield tag="082" ind1=" " ind2=" ">
    <subfield code="a">K494.3 MURK</subfield>
  </datafield>
  <datafield tag="100" ind1=" " ind2=" ">
    <subfield code="a">MURTISHVARAYYA (Be Ka).</subfield>
    <subfield code="9">215395</subfield>
    <subfield code="d">&#xCAC;&#xCC6;.&#xC95;&#xCBE;. &#xCAE;&#xCC2;&#xCB0;&#xCCD;&#xCA4;&#xCC0;&#xCB6;&#xCCD;&#xCB5;&#xCB0;&#xCAF;&#xCCD;&#xCAF;</subfield>
  </datafield>
  <datafield tag="245" ind1=" " ind2=" ">
    <subfield code="a">Kanunu adalita english kannada padakosha.</subfield>
    <subfield code="b">&#xC95;&#xCBE;&#xCA8;&#xCC2;&#xCA8;&#xCC1; &#xC86;&#xCA1;&#xCB3;&#xCBF;&#xCA4; &#xC87;&#xC82;&#xC97;&#xCCD;&#xCB2;&#xCBF;&#xCB7;&#xCCD; &#xC95;&#xCA8;&#xCCD;&#xCA8;&#xCA1; &#xCAA;&#xCA6;&#xC95;&#xCCB;&#xCB6; </subfield>
  </datafield>
  <datafield tag="260" ind1=" " ind2=" ">
    <subfield code="a">Bengaluru</subfield>
    <subfield code="b">Shrangeri sharada pustaka prakashana</subfield>
    <subfield code="c">2002</subfield>
  </datafield>
  <datafield tag="300" ind1=" " ind2=" ">
    <subfield code="a">xviii,274</subfield>
  </datafield>
  <datafield tag="650" ind1=" " ind2=" ">
    <subfield code="a">English Kannada legal dictionary</subfield>
    <subfield code="9">215396</subfield>
  </datafield>
  <datafield tag="690" ind1=" " ind2=" ">
    <subfield code="a">Kannada Dictionary</subfield>
    <subfield code="9">215397</subfield>
  </datafield>
  <datafield tag="906" ind1=" " ind2=" ">
    <subfield code="a">SG04109</subfield>
  </datafield>
  <datafield tag="942" ind1=" " ind2=" ">
    <subfield code="2">ddc</subfield>
    <subfield code="c">BK</subfield>
  </datafield>
  <datafield tag="999" ind1=" " ind2=" ">
    <subfield code="c">115059</subfield>
    <subfield code="d">115059</subfield>
  </datafield>
  <datafield tag="952" ind1=" " ind2=" ">
    <subfield code="0">0</subfield>
    <subfield code="1">0</subfield>
    <subfield code="2">ddc</subfield>
    <subfield code="4">0</subfield>
    <subfield code="7">0</subfield>
    <subfield code="8">KAN</subfield>
    <subfield code="a">AL</subfield>
    <subfield code="b">AL</subfield>
    <subfield code="c">Languages</subfield>
    <subfield code="d">2021-02-17</subfield>
    <subfield code="e">Kadiru Prakashana, Maisuru</subfield>
    <subfield code="g">190.00</subfield>
    <subfield code="l">0</subfield>
    <subfield code="o">K494.3 MURK</subfield>
    <subfield code="p">SG04109</subfield>
    <subfield code="r">2021-02-17 00:00:00</subfield>
    <subfield code="w">2021-02-17</subfield>
    <subfield code="y">SG</subfield>
  </datafield>
</record>
